Španělská občanská válka /

Hlavní autor: Beevor, Antony, 1946-
Jazyk: Čeština
Vydáno: Praha : Plzeň : Beta-Dobrovský ;Jiří Ševčík, 2004
Vydání: Vyd. 1.
Témata:
Externí odkaz: Digitalizovaný dokument
Fyzický popis: 319 s., [32] s. obr. příl. : il., mapy ; 24 cm
Knihy
Uloženo v:
LEADER 01768nam a2200421 a 4500
001 000740511
003 CZ BrMZK
005 20091112152002.0
007 ta
008 041005s2004 xr abf er 001 0 cze d
015 |a cnb001445858 
020 |a 80-7306-141-4  |q (Beta-Dobrovský :  |q brož.) 
020 |a 80-7291-107-4  |q (Jiří Ševčík :  |q brož.) 
035 |a (OCoLC)85120415 
040 |a BOA001  |b cze 
041 1 |a cze  |h eng 
043 |a e-sp--- 
072 7 |a 94(46)  |x Dějiny států a území na Pyrenejském poloostrově  |2 Konspekt  |9 8 
080 |a 94(460)"1936/1939"  |2 MRF 
080 |a 94(460)  |2 MRF 
080 |a (048.8)  |2 MRF 
100 1 |a Beevor, Antony,  |d 1946-  |7 jn20020716713  |4 aut 
245 1 0 |a Španělská občanská válka /  |c Antony Beevor ; [z anglického originálu ... přeložil Leonid Křížek] 
250 |a Vyd. 1. 
260 |a Praha :  |b Beta-Dobrovský ;  |a Plzeň :  |b Jiří Ševčík,  |c 2004 
300 |a 319 s., [32] s. obr. příl. :  |b il., mapy ;  |c 24 cm 
500 |a Obálkový podnázev: 1936-1939 
500 |a Obsahuje rejstřík 
500 |a Dostupné též v digitální podobě v aplikaci Kramerius 
650 0 7 |a španělská občanská válka, 1936-1939  |7 ph174207  |2 czenas 
655 7 |a studie  |7 fd133597  |2 czenas 
651 7 |a Španělsko  |7 ge131543  |x dějiny  |y 1936-1939  |2 czenas 
765 0 |t Spanish civil war  |9 Česky 
856 4 1 |u http://www.digitalniknihovna.cz/mzk/uuid/uuid:e633c5e0-fff2-11e6-8830-005056827e51  |y Digitalizovaný dokument  |x NDK 
910 |a BOA001  |b 2-1141.342 
990 |a BK 
996 6 |b 2610230599  |c 2-1141.342  |l MZK  |r Sklad / do 1 hodiny  |n 12  |p p.v.  |w 000740511  |u 000010  |a 1  |e BOA001  |j MZK50  |s P 
996 7 |b 2610233938  |c 2-1141.342  |l Vol.výběr  |r VV 1p  |n 66  |p kup  |h 94(4) BEE  |w 000740511  |u 000020  |a 0  |e BOA001  |j MZK50  |s A